[Event "FRA-chT"]
[Site "?"]
[Date "1989.??.??"]
[Round "?"]
[White "Villeneuve, Alain"]
[Black "Scholz, Guillermo"]
[Result "0-1"]
[WhiteElo "2345"]
[BlackElo "2355"]

1.d4 Nf6 2.c4 e6 3.Nc3 Bb4 4.Nf3 O-O 5.Bg5 d5 6.e3 Nbd7 7.cxd5 exd5 8.Bd3 c6
9.Qc2 Re8 10.Bxh7+ Kh8 11.Bd3 Be7 12.O-O-O b5 13.Kb1 Bb7 14.h4 a5 15.Ne5 Nxe5
16.dxe5 Nd7 17.e6 fxe6 18.Bg6 Nf8 19.Bf7 Nh7 20.Bxe6 Bf6 21.Bf7 Re7 22.Bg6 Nf8
23.Ne4 Rc7 24.Nc5 Qe7 25.Bf5 Bc8 26.Bf4 Bxf5 27.Qxf5 Rcc8 28.Rc1 a4 29.g4 g6
30.Qd3 Kg8 31.g5 Bh8 32.h5 Qg7 33.Rc2 a3 34.hxg6 axb2 35.Qf5 Qxg6 36.Qh3 Bg7
37.Nd7 Rxa2 38.Be5 Ra1+ 39.Kxb2 Ra2+  0-1

[Event "Arnold Cup"]
[Site "Gausdal"]
[Date "1989.??.??"]
[Round "?"]
[White "Schoen, Wolfram"]
[Black "Martin, Andrew D"]
[Result "1-0"]
[WhiteElo "2405"]
[BlackElo "2415"]

1.d4 Nf6 2.c4 e6 3.Nc3 Bb4 4.Nf3 d5 5.Bg5 dxc4 6.e4 c5 7.Bxc4 h6 8.Bxf6 Qxf6
9.O-O O-O 10.e5 Qd8 11.a3 cxd4 12.axb4 dxc3 13.bxc3 Qxd1 14.Rfxd1 Bd7 15.Bd3 Rc8
16.c4 Bc6 17.Nd4 b6 18.Nb5 a5 19.Nd6 Rc7 20.c5 bxc5 21.b5 Bd5 22.b6 Rc6 23.b7 Ra7
24.Rab1 Kf8 25.Bc4 Bxc4 26.Nxc4 Ke7 27.Nb6 Ke8 28.Nd7 Nxd7 29.Rxd7 Kxd7 30.b8=Q Rcc7
31.Rd1+  1-0

[Event "Gausdal Int"]
[Site "Gausdal"]
[Date "1989.??.??"]
[Round "?"]
[White "Bjerke, Richard"]
[Black "Tisdall, Jonathan D"]
[Result "0-1"]
[WhiteElo "2335"]
[BlackElo "2465"]

1.d4 Nf6 2.c4 e6 3.Nf3 Bb4+ 4.Nc3 O-O 5.e3 d5 6.Bd3 c5 7.O-O Nc6 8.a3 Bxc3
9.bxc3 Qc7 10.cxd5 exd5 11.Nh4 Ne7 12.a4 Ng6 13.Nxg6 hxg6 14.f3 Re8 15.Re1 Bf5
16.Bb5 Red8 17.g4 Be6 18.Bd3 Rac8 19.Bd2 Ne8 20.Re2 Nd6 21.Be1 Qd7 22.Rb2 Nc4
23.Bxc4 dxc4 24.Bh4 f6 25.Qb1 g5 26.Bg3 cxd4 27.exd4 Bd5 28.Rf2 Re8 29.Qb4 Re3
30.Raf1 Rce8 31.h3 Qc6 32.Qa5 Bxf3 33.Kh2 Bd5 34.Rf5 Rxg3 35.Rxd5 Rxc3  0-1

[Event "Bundesliga 8889"]
[Site "Germany"]
[Date "1989.??.??"]
[Round "?"]
[White "Neurohr, Stephan"]
[Black "Busch, Klaus"]
[Result "1/2-1/2"]
[WhiteElo "2290"]
[BlackElo "2255"]

1.d4 Nf6 2.c4 e6 3.Nc3 Bb4 4.Nf3 c5 5.g3 b6 6.Bg2 Bb7 7.d5 exd5 8.Nh4 Ne4
9.Bxe4 dxe4 10.Qd6 Qf6 11.Qxf6 gxf6 12.Nf5 Bxc3+ 13.bxc3 Nc6 14.Bh6 Ne5 15.Bg7 Rg8
16.Bxf6 Nxc4 17.O-O-O Rg6 18.Nd6+ Kf8 19.Nxc4 Rxf6 20.Rxd7 Ba6 21.Nd6 Rxf2
22.Nxe4 Rxe2 23.Ng5 Bc4 24.Nxh7+ Kg7 25.Ng5 Rxa2 26.Kb1 Re2 27.h4 Rae8 28.Rxa7 Re1+
29.Rxe1 Rxe1+ 30.Kc2 Re2+ 31.Kc1 Re3 32.Rb7 Rxc3+ 33.Kd2 Rd3+ 34.Kc2 Rd6
35.Kc3 Bd5 36.Rc7 Kf6 37.g4 Rc6 38.Rb7 Rd6 39.Rc7 Kg6 40.Rc8 f5 41.gxf5+ Kxf5
42.Nh3 Rh6 43.Rf8+ Ke5 44.Nf4 Be4 45.h5 Bf5 46.Nd5 b5 47.Nc7 Bd7 48.Rb8 b4+
49.Kc4 Rc6 50.Ne8 Rc8 51.Rxc8 Bxc8 52.Kxc5 b3 53.Nd6 Ba6 54.h6 Bd3 55.Nc4+ Kf6
56.Nd2 b2 57.Kd4 Bc2 58.Kc3 b1=Q 59.Nxb1  1/2-1/2

[Event "Bundesliga 8889"]
[Site "Germany"]
[Date "1989.??.??"]
[Round "?"]
[White "Kurz, Alexander"]
[Black "Mueller, Olaf"]
[Result "1-0"]
[WhiteElo "2295"]
[BlackElo "2340"]

1.d4 Nf6 2.c4 e6 3.Nc3 Bb4 4.Nf3 c5 5.g3 O-O 6.Bg2 cxd4 7.Nxd4 d5 8.O-O dxc4
9.Nc2 Bxc3 10.bxc3 Nd5 11.Ne3 Nxc3 12.Qc2 Nd5 13.Qxc4 Nb6 14.Qc2 Nc6 15.Ba3 Re8
16.Rfd1 Bd7 17.Rab1 Qg5 18.Rxd7 Nxd7 19.Rxb7 Nce5 20.f4 Qh6 21.Qe4 Qh5 22.fxe5 Nb6
23.Bf3 Qg5 24.Qf4 Qxf4 25.gxf4 Rec8 26.Bd6 Nc4 27.Nxc4 Rxc4 28.f5 a5 29.fxe6 fxe6
30.Rb5 Ra7 31.Bb7  1-0

[Event "Bundesliga 8889"]
[Site "Germany"]
[Date "1989.??.??"]
[Round "?"]
[White "Kurz, Alexander"]
[Black "Wolf, Volker"]
[Result "0-1"]
[WhiteElo "2280"]
[BlackElo "2330"]

1.d4 e6 2.c4 Nf6 3.Nc3 Bb4 4.Nf3 c5 5.g3 d5 6.Bg2 O-O 7.O-O cxd4 8.Nxd4 Bxc3
9.bxc3 dxc4 10.Ba3 Re8 11.Nb5 Qa5 12.Rb1 Nc6 13.Bd6 Nd5 14.Bxd5 exd5 15.Nc7 Bh3
16.Nxe8 Rxe8 17.Bb4 Nxb4 18.cxb4 Qd8 19.Re1 d4 20.Qd2 Qd5 21.f3 Be6 22.Rbd1 Rd8
23.Qf4 h6 24.Qe4 Qd7 25.a4 c3 26.a5 Bb3 27.Ra1 Re8 28.Qf4 g5 29.Qf6 Re6 30.Qf5 a6
31.Qc5 Rc6 32.Qe5 Re6 33.Qc5 Rc6 34.Qe5 f6 35.Qe4 Kg7 36.Ra3 Re6 37.Qf5 Bc4
38.Qc2 Re3 39.Raa1 Qe7 40.Kf2 Qe5 41.Rad1 h5 42.Rb1 f5 43.Rbd1 f4  0-1

[Event "Bundesliga 8889"]
[Site "Germany"]
[Date "1989.??.??"]
[Round "?"]
[White "Kurz, Alexander"]
[Black "Zysk, Robert"]
[Result "1/2-1/2"]
[WhiteElo "2295"]
[BlackElo "2455"]

1.d4 Nf6 2.c4 e6 3.Nc3 Bb4 4.Nf3 c5 5.g3 Ne4 6.Qd3 Qa5 7.Qxe4 Bxc3+ 8.Bd2 Bxd2+
9.Nxd2 O-O 10.dxc5 Na6 11.Bg2 Nxc5 12.Qc2 d5 13.O-O Rd8 14.a3 Na6 15.b4 Qc7
16.Rac1 d4 17.c5 Bd7 18.Qc4 e5 19.Bd5 Bh3 20.Rfd1 Qd7 21.e4 dxe3 22.Ne4 Nc7
23.Bxf7+ Qxf7 24.Qxf7+ Kxf7 25.Ng5+ Kf6 26.Nxh3 e2 27.Re1 Rd2 28.f4 exf4
29.Nxf4 Re8 30.c6 b6 31.Kf2 Ra2 32.Rc3 Nb5 33.Rf3 Kg5 34.h4+ Kg4 35.Rxe2 Rexe2+
36.Nxe2 g5 37.hxg5 Kxg5 38.Rd3 Kf6 39.Ke3 Rxa3 40.Rxa3 Nxa3 41.c7 Nc4+ 42.Kd4 Nd6
43.Kd5 Ke7 44.Kc6 a5 45.Nc3 axb4 46.Nd5+ Ke6 47.Nxb4 b5 48.g4 Nc8 49.Kxb5 Kd6
50.Na6 h6 51.Kc4 Kc6 52.Kd4 Kb6 53.Nc5 Kxc7 54.Ke5 Nd6 55.Ne6+ Kd7 56.Ng7 Ke7
57.Nf5+  1/2-1/2

[Event "EU-chT"]
[Site "Haifa"]
[Date "1989.??.??"]
[Round "8"]
[White "Pinter, Jozsef"]
[Black "Fauland, Alexander"]
[Result "1/2-1/2"]
[WhiteElo "2560"]
[BlackElo "2455"]

1.d4 Nf6 2.c4 e6 3.Nf3 Bb4+ 4.Nc3 c5 5.e3 O-O 6.Bd3 Nc6 7.O-O d5 8.a3 Bxc3
9.bxc3 dxc4 10.Bxc4 Qc7 11.Ba2 e5 12.h3 e4 13.Nh2 Ne7 14.Bb2 Be6 15.c4 cxd4
16.Bxd4 Nd7 17.Qc2 Qc6 18.Rab1 b6 19.Rb5 Rac8 20.Qb2 f6 21.Rc1 Nf5 22.Nf1 Nd6
23.Rb3 Nc5 24.Bxc5 Qxc5 25.Nd2 f5 26.Rbc3 Nb7 27.Nb3 Qe5 28.c5 bxc5 29.Nd4 Bxa2
30.Qxa2+ Kh8 31.Qb3 Nd6 32.f4 exf3 33.Nxf3 Qg3 34.Rxc5 Rxc5 35.Rxc5 Ne4 36.Rc2 h6
37.Qe6 Rd8 38.Rc8 Qf2+ 39.Kh2 Qg3+ 40.Kg1 Qf2+  1/2-1/2

[Event "Helsinki"]
[Site "Helsinki"]
[Date "1989.??.??"]
[Round "10"]
[White "Kekki, Petri"]
[Black "Raaste, Eero J"]
[Result "1-0"]
[WhiteElo "2305"]
[BlackElo "2395"]

1.d4 Nf6 2.c4 e6 3.Nc3 Bb4 4.Nf3 c5 5.g3 cxd4 6.Nxd4 O-O 7.Bg2 d5 8.O-O dxc4
9.Qa4 Na6 10.Ndb5 Qb6 11.a3 Be7 12.Qxc4 Bd7 13.Be3 Bc5 14.Na4 Qxb5 15.Qxb5 Bxb5
16.Nxc5 Nd5 17.Nxb7 Rab8 18.Na5 Bxe2 19.Rfe1 Nxe3 20.Rxe2 Nxg2 21.Kxg2 Nc7
22.Rc1 Nd5 23.Rc6 Rb6 24.Rec2 h5 25.b4 g6 26.R2c5 Kg7 27.Nc4 Rxc6 28.Rxc6 Rd8
29.Ra6 Rd7 30.Ne5 Rc7 31.Nc6 Nc3 32.Nxa7 Nd1 33.Nc6 Rd7 34.Kf1 Nc3 35.Ne5 Rd1+
36.Kg2 Rd2 37.Ra7 Kf6 38.Nd7+ Kg7 39.Nc5 e5 40.a4 e4 41.Re7 Kf8 42.Re5 f5
43.a5 Kf7 44.Nb7 Nd1 45.a6 Nxf2 46.Kf1 Ng4 47.Ke1 Ra2 48.Ra5 Rc2 49.a7 Ne3
50.a8=Q  1-0

[Event "Kecskemet"]
[Site "Kecskemet"]
[Date "1989.??.??"]
[Round "?"]
[White "Ubilava, Elizbar"]
[Black "Tunik, Gennady"]
[Result "1/2-1/2"]
[WhiteElo "2525"]
[BlackElo "2470"]

1.c4 e6 2.Nc3 Nf6 3.d4 Bb4 4.Nf3 c5 5.g3 Ne4 6.Bd2 Nxd2 7.Qxd2 cxd4 8.Nxd4 a6
9.Bg2 Qc7 10.O-O O-O 11.Rac1 Nc6 12.Rfd1 Nxd4 13.Qxd4 Bc5 14.Qd2 Rb8 15.Ne4 b6
16.b4 Be7 17.Nd6 Bxd6 18.Qxd6 Qxd6 19.Rxd6 f6 20.b5 axb5 21.cxb5 Kf7 22.Rc7 Ke7
23.Rd3 g5 24.Ra3 h5 25.Raa7 Kd6 26.e3 g4 27.h4 gxh3 28.Bf3 Rg8 29.Rc4 Rg5
30.Rd4+ Ke7 31.Bc6 Rc5 32.Rd2 f5 33.a4 Kf6 34.Bf3 d5 35.Rh7 Rc4 36.Bd1 Rb7
37.Rxh5 Rd7 38.Rxh3 d4 39.Rh6+ Ke5 40.f4+ Kd6 41.exd4 Ke7 42.Rh7+ Kd6 43.Rxd7+ Bxd7
44.Kf2 Rc3 45.g4 fxg4 46.Bxg4 Rc4 47.Bd1 Rc3 48.Bf3 Rc4 49.d5 Rxf4 50.dxe6+ Kxe6
51.Ra2 Kd6 52.Ke3 Rb4 53.Bd1 Be6 54.Rh2 Bd5 55.Rh6+ Kc5 56.Bc2 Rc4 57.Kd2 Rg4
58.Rh5 Kd4 59.Kc1 Be4 60.Bxe4 Rxe4 61.Kb2 Kc4  1/2-1/2

[Event "Kecskemet"]
[Site "Kecskemet"]
[Date "1989.??.??"]
[Round "?"]
[White "Petran, Pal"]
[Black "Raicevic, Ivica"]
[Result "1-0"]
[WhiteElo "2455"]
[BlackElo "2325"]

1.d4 e6 2.c4 Nf6 3.Nf3 Bb4+ 4.Nc3 O-O 5.Bg5 d5 6.cxd5 exd5 7.Qb3 Bxc3+ 8.bxc3 c6
9.e3 Nbd7 10.Be2 Qb6 11.Nd2 h6 12.Bf4 Qxb3 13.axb3 Re8 14.O-O Nf8 15.h3 Ne6
16.Be5 Nd7 17.Bd6 Ng5 18.h4 Ne4 19.Nxe4 Rxe4 20.Bf4 Re8 21.f3 Nf8 22.Kf2 Ng6
23.Bg3 h5 24.Bd3 f5 25.Bd6 Bd7 26.g3 Nf8 27.Ra2 Be6 28.Rfa1 a6 29.Ra4 Red8
30.Bf4 Rd7 31.Ra5 Ng6 32.Bg5 Kf7 33.Ke2 Ne7 34.Kd2 Nc8 35.c4 Nd6 36.Kc3 Rc8
37.Bf4 Ke7 38.Kb4 b6 39.Rxa6 c5+ 40.dxc5 bxc5+ 41.Kc3 dxc4 42.bxc4 Ne8 43.Ra8 Rcd8
44.Rxd8 Rxd8 45.Ra7+ Kf8 46.Ra5 Rc8 47.e4 g6 48.Be3  1-0

[Event "Las Palmas op"]
[Site "Las Palmas"]
[Date "1989.??.??"]
[Round "?"]
[White "Brito, Alfredo"]
[Black "Urday, Henry"]
[Result "1/2-1/2"]
[WhiteElo "2360"]
[BlackElo "2355"]

1.d4 Nf6 2.c4 e6 3.Nc3 Bb4 4.Nf3 c5 5.g3 O-O 6.Bg2 cxd4 7.Nxd4 d5 8.Qb3 Bxc3+
9.bxc3 e5 10.Nf3 dxc4 11.Qc2 Nc6 12.O-O Re8 13.Rd1 Bf5 14.Qa4 Qa5 15.Qxc4 Be6
16.Qh4 Qxc3 17.Bg5 Nd5 18.Bd2 Qa3 19.Ng5 Nf6 20.Rab1 Rad8 21.Nxe6 fxe6 22.Bg5 Rxd1+
23.Rxd1 Qe7 24.Qc4 Rd8 25.Rb1 Rd4 26.Qb5 e4 27.Bxf6 gxf6 28.e3 Rb4 29.Rxb4 Qxb4
30.Qxb4 Nxb4 31.a3 Nc2 32.Bxe4 Nxa3 33.Bxb7 Kf7 34.Kf1 Ke7 35.Ke2 Nc4 36.Ba6 Ne5
37.f4 Nc6 38.Bd3 h6 39.g4 e5 40.h4 exf4 41.exf4 a5 42.Kd2 Kd6  1/2-1/2

[Event "Leningrad-chT"]
[Site "Leningrad"]
[Date "1989.??.??"]
[Round "?"]
[White "Janjgava, Lasha"]
[Black "Aseev, Konstantin N"]
[Result "1-0"]
[WhiteElo "2470"]
[BlackElo "2485"]

1.d4 Nf6 2.c4 e6 3.Nc3 Bb4 4.Nf3 c5 5.g3 cxd4 6.Nxd4 O-O 7.Bg2 d5 8.Qb3 Bxc3+
9.Qxc3 e5 10.Nb3 d4 11.Qa5 Qe7 12.O-O Nc6 13.Qc5 Qc7 14.f4 Nd7 15.Qa3 Re8
16.Rd1 Nf6 17.fxe5 Qxe5 18.Bf4 Qxe2 19.Nxd4 Nxd4 20.Rxd4 Qh5 21.Bc7 h6 22.Rf1 Bh3
23.g4 Bxg4 24.Rxf6 gxf6 25.Qg3 f5 26.h3 Qg5 27.hxg4 Re3 28.Qf4 Rae8 29.Qxg5+ hxg5
30.gxf5 Re1+ 31.Kh2 R8e2 32.Kh3 Rxb2 33.f6 Re3+ 34.Bg3 Kh7 35.Be4+ Kh6 36.Kg4 Rxa2
37.Bd6 Rxe4+  1-0

[Event "Leon"]
[Site "Leon"]
[Date "1989.??.??"]
[Round "?"]
[White "Campos Moreno, Javier B"]
[Black "Pinter, Jozsef"]
[Result "0-1"]
[WhiteElo "2430"]
[BlackElo "2550"]

1.d4 Nf6 2.c4 e6 3.Nc3 Bb4 4.Nf3 c5 5.g3 cxd4 6.Nxd4 O-O 7.Bg2 d5 8.cxd5 Nxd5
9.Bd2 Nxc3 10.bxc3 Be7 11.Qb1 Na6 12.Be3 Bc5 13.O-O Qe7 14.Rd1 Rb8 15.Qe4 e5
16.Nb3 Bxe3 17.Qxe3 b6 18.c4 Bb7 19.Bxb7 Rxb7 20.Rd5 f6 21.c5 bxc5 22.Nxc5 Rb5
23.Rc1 Rc8 24.Rd7 Qe8 25.Rd5 Kh8 26.a4 Ra5 27.Kg2 Qg8  0-1

[Event "Lloyds Bank op"]
[Site "London"]
[Date "1989.??.??"]
[Round "?"]
[White "Kumaran, Dharshan"]
[Black "Lev, Ronen"]
[Result "1/2-1/2"]
[WhiteElo "2205"]
[BlackElo "2410"]

1.d4 Nf6 2.c4 e6 3.Nc3 Bb4 4.Nf3 b6 5.Bg5 h6 6.Bh4 Bb7 7.e3 g5 8.Bg3 Ne4
9.Qc2 Bxc3+ 10.bxc3 d6 11.Bd3 Nxg3 12.fxg3 Nd7 13.Be4 Bxe4 14.Qxe4 O-O 15.O-O Qe7
16.Qd3 Qf6 17.Nd2 Qg6 18.Qxg6+ fxg6 19.g4 Rxf1+ 20.Rxf1 Kg7 21.h3 Nf6 22.Kf2 h5
23.gxh5 gxh5 24.Ke2 Kg6 25.Kd3 Re8 26.Ne4 Nd7 27.Rf3 Rf8 28.Rxf8 Nxf8 29.Nf2 h4
30.Ke4 Nd7 31.Kf3 Kf5 32.Ne4  1/2-1/2

[Event "Lloyds Bank op"]
[Site "London"]
[Date "1989.??.??"]
[Round "?"]
[White "Wells, Peter K"]
[Black "Franklin, Michael J"]
[Result "0-1"]
[WhiteElo "2400"]
[BlackElo "2320"]

1.d4 Nf6 2.c4 e6 3.Nc3 Bb4 4.Nf3 O-O 5.Bg5 d6 6.e3 Nbd7 7.Bd3 Bxc3+ 8.bxc3 h6
9.h4 Qe8 10.Qc2 e5 11.Bf5 Kh8 12.Bxf6 Nxf6 13.Nd2 Qc6 14.f3 Bxf5 15.Qxf5 Rae8
16.Kf2 Re7 17.g4 Rfe8 18.e4 Nh7 19.g5 g6 20.Qh3 h5 21.Rab1 b6 22.Qf1 Nf8
23.Kg3 Qa4 24.f4 Qxa2 25.Rh2 Qc2 26.fxe5 Qxc3+ 27.Nf3 dxe5 28.Rc1 Qe3 29.dxe5 Qxe4
30.Re2 Qg4+ 31.Kh2 Ne6 32.Rd1 Qxc4  0-1

[Event "London NWYM"]
[Site "London"]
[Date "1989.??.??"]
[Round "?"]
[White "Murshed, Niaz"]
[Black "Kosten, Anthony C"]
[Result "1-0"]
[WhiteElo "2475"]
[BlackElo "2505"]

1.d4 Nf6 2.c4 e6 3.Nf3 Bb4+ 4.Nc3 c5 5.e3 Nc6 6.Be2 O-O 7.O-O Bxc3 8.bxc3 d6
9.Qd3 e5 10.e4 Bg4 11.d5 Ne7 12.Nh4 Bxe2 13.Qxe2 Ne8 14.Rb1 b6 15.g3 f5 16.f4 fxe4
17.Qxe4 Nf6 18.Qe2 e4 19.f5 Qd7 20.g4 h6 21.Ng2 h5 22.h3 hxg4 23.hxg4 g6
24.Bg5 gxf5 25.Ne3 Nh7 26.Bxe7 Qxe7 27.Nxf5 Qe5 28.Qe3 Kh8 29.Rb2 Rf6 30.Rh2 Raf8
31.Rff2 Rg6 32.Qh3 Rf7 33.Nxd6 Qxh2+ 34.Qxh2 Rxf2 35.Kxf2 Kg8 36.Nxe4 Rxg4
37.Qxh7+  1-0

[Event "Lugano op"]
[Site "Lugano"]
[Date "1989.??.??"]
[Round "1"]
[White "Wiedenkeller, Michael"]
[Black "Leiber, Bernhard"]
[Result "1-0"]
[WhiteElo "2430"]
[BlackElo "2260"]

1.d4 Nf6 2.c4 e6 3.Nc3 Bb4 4.Nf3 c5 5.g3 d5 6.cxd5 Nxd5 7.Bd2 Nc6 8.a3 Ba5
9.Nxd5 Bxd2+ 10.Qxd2 Qxd5 11.dxc5 Qxc5 12.b4 Qb6 13.Qd6 f6 14.Bg2 Kf7 15.Qd3 e5
16.Nd2 Be6 17.Nc4 Qd4 18.Nd6+ Ke7 19.Rd1 Qxd3 20.Rxd3 Rad8 21.Nxb7 Rxd3 22.exd3 Nd4
23.Nc5 Bf7 24.Kd2 g5 25.Rb1 h5 26.a4 h4 27.g4 h3 28.Be4 Rc8 29.a5 Rc7 30.Rb2 Be8
31.Ke3 Bb5 32.f3 Kd6 33.Kf2 Ne6 34.Nxe6 Kxe6 35.Kg3 Rc3 36.Kxh3 Bxd3 37.Bxd3 Rxd3
38.Kg2 a6 39.b5 axb5 40.Rxb5 Ra3 41.Rb6+ Kf7 42.a6 Kg6 43.h3 Ra4 44.Kf2 Ra3
45.Ke2 Ra4 46.Ke3 Ra5 47.Ke4 Ra3 48.Rc6 Ra5 49.Kd3 Ra3+ 50.Kc2 Kf7 51.Kb2 Ra5
52.Kb3 Ke7 53.Kb4 Ra1 54.Kb5 Ra3 55.Rc4 Kd6 56.Ra4 Rb3+ 57.Kc4  1-0

[Event "Lugano op"]
[Site "Lugano"]
[Date "1989.??.??"]
[Round "6"]
[White "Wiedenkeller, Michael"]
[Black "Chernin, Alexander"]
[Result "0-1"]
[WhiteElo "2430"]
[BlackElo "2580"]

1.d4 Nf6 2.c4 e6 3.Nc3 Bb4 4.Nf3 b6 5.Bg5 Bb7 6.e3 Bxc3+ 7.bxc3 d6 8.Nd2 Nbd7
9.f3 h6 10.Bh4 Qe7 11.Qa4 e5 12.e4 O-O 13.Be2 Qe6 14.O-O Nh5 15.Rfe1 Nf4
16.Bf1 c5 17.Rad1 Nf6 18.d5 Qe7 19.Bxf6 Qxf6 20.g3 Ng6 21.Qb5 h5 22.a4 h4
23.Bg2 Rad8 24.Bh3 Ne7 25.Re2 Qh6 26.Bg2 Bc8 27.Rf2 f5 28.Qb2 hxg3 29.hxg3 Qg5
30.Nf1 f4 31.g4 Ba6 32.Qa2 Ng6 33.Bh1 Kf7 34.Rh2 Rh8 35.Rxh8 Rxh8 36.a5 b5
37.cxb5 Bxb5 38.c4 Ba6 39.Rb1 Qd8 40.Qa4 Qc7 41.Bg2 Nh4 42.Nd2 Ng6 43.Rb2 Nf8
44.Nb1 Nh7 45.Na3 Rc8 46.Bf1 Ng5 47.Bg2 Kf6 48.Rb1 Qe7 49.Kf2 Kg6 50.Ke2 Nf7
51.Kf1 Kf6 52.Ke2 g6 53.Kf2 Kg7 54.Kf1 Qd8 55.Rb2 Kf6 56.Rb1 Ng5 57.Kf2 Ke7
58.Ke2 Rb8 59.Rxb8 Qxb8 60.Nb5 Bc8 61.Qb3 a6 62.Nd4 Qxb3 63.Nxb3 Bd7 64.Nd2 Nf7
65.Kd3 Nd8 66.Kc3 Kf6 67.Bf1 Nb7 68.Nb3 Kg5 69.Kb2 Kh4 70.Ka3 Kg3 71.Be2 Kf2
72.Bd1 Ke1  0-1

[Event "New York op"]
[Site "New York"]
[Date "1989.??.??"]
[Round "2"]
[White "Weldon, Charles"]
[Black "Akhmilovskaya, Elena"]
[Result "0-1"]
[WhiteElo "2240"]
[BlackElo "2430"]

1.d4 Nf6 2.Nf3 e6 3.c4 Bb4+ 4.Nc3 b6 5.Bg5 h6 6.Bh4 Bb7 7.e3 Bxc3+ 8.bxc3 d6
9.Nd2 Nbd7 10.f3 Qe7 11.a4 e5 12.e4 g5 13.Bf2 Nf8 14.a5 Ng6 15.axb6 cxb6
16.c5 O-O 17.cxb6 axb6 18.d5 Qc7 19.Rc1 Nd7 20.Nc4 Nc5 21.Ne3 Bc8 22.Nf5 Bxf5
23.exf5 Nh4 24.Bxh4 gxh4 25.Qd2 Kh7 26.f6 Rg8 27.Qf2 Rg6 28.Qxh4 Nb3 29.Rc2 Ra1+
30.Ke2 Nd4+ 31.Kd2 Nxc2 32.Kxc2 Qc5 33.Bd3 Ra2+  0-1

[Event "Novosibirsk"]
[Site "Novosibirsk"]
[Date "1989.??.??"]
[Round "?"]
[White "Janjgava, Lasha"]
[Black "Levin, Felix"]
[Result "1-0"]
[WhiteElo "2470"]
[BlackElo "2305"]

1.d4 Nf6 2.c4 e6 3.Nc3 Bb4 4.Nf3 c5 5.g3 cxd4 6.Nxd4 O-O 7.Bg2 d5 8.Qb3 Bxc3+
9.Qxc3 e5 10.Nb3 d4 11.Qa5 Qe7 12.O-O Nc6 13.Qc5 Qe6 14.f4 Nd7 15.Qd5 Nb6
16.Qxe6 Bxe6 17.c5 Nd7 18.fxe5 Ndxe5 19.Bf4 f6 20.Nd2 Rfd8 21.Bxe5 fxe5 22.Ne4 Bd5
23.Rac1 a5 24.a3 a4 25.Nd6 Bxg2 26.Kxg2 b6 27.Nf5 b5 28.Nd6 Rf8 29.Rf3 e4
30.Nxe4 Rfe8 31.Rf4 Re5 32.g4 Rae8 33.Ng3 Re3 34.Rc2 d3 35.exd3 Rxd3 36.Nf5 Rb8
37.Re2 b4 38.axb4 Rb3 39.Nd4 Nxd4 40.Rxd4 R3xb4 41.Rxb4 Rxb4 42.Rc2  1-0

[Event "Novosibirsk"]
[Site "Novosibirsk"]
[Date "1989.??.??"]
[Round "?"]
[White "Komarov, Dimitri"]
[Black "Vekshenkov, Nikolai"]
[Result "1/2-1/2"]
[WhiteElo "2390"]
[BlackElo "2295"]

1.d4 Nf6 2.c4 e6 3.Nc3 Bb4 4.Nf3 c5 5.g3 b6 6.Bg2 Bb7 7.O-O Bxc3 8.bxc3 d6
9.d5 e5 10.Nh4 O-O 11.e4 Bc8 12.f4 h6 13.f5 Nbd7 14.Bf3 Nh7 15.Be2 Re8 16.Ng2 Kf8
17.Ne3 Ndf6 18.Bd3 Ke7 19.a4 a5 20.Ra2 Kd7 21.h4 Kc7 22.Ng2 Rg8 23.g4  1/2-1/2

[Event "Olomouc"]
[Site "Olomouc"]
[Date "1989.??.??"]
[Round "?"]
[White "Turci, Stefano"]
[Black "Staniszewski, Piotr"]
[Result "1/2-1/2"]
[WhiteElo "2225"]
[BlackElo "2410"]

1.d4 Nf6 2.c4 e6 3.Nc3 Bb4 4.Nf3 c5 5.d5 Bxc3+ 6.bxc3 d6 7.Bg5 e5 8.Qc2 Nbd7
9.Nd2 h6 10.Bh4 Nf8  1/2-1/2

[Event "Podolsk GMA-qual"]
[Site "Podolsk"]
[Date "1989.??.??"]
[Round "?"]
[White "Anastasian, Ashot"]
[Black "Sturua, Zurab"]
[Result "1/2-1/2"]
[WhiteElo "2495"]
[BlackElo "2465"]

1.d4 Nf6 2.c4 e6 3.Nc3 Bb4 4.Nf3 c5 5.g3 cxd4 6.Nxd4 Ne4 7.Qd3 Qa5 8.Nb3 Nxc3
9.Nxa5 Ne4+ 10.Bd2 Bxd2+ 11.Qxd2 Nxd2 12.Kxd2 Nc6 13.Nxc6 dxc6 14.Bg2 Ke7
15.Rhd1 e5 16.Kc3 Be6 17.Rd2 Rhd8 18.Rad1 Rxd2 19.Rxd2 Rd8  1/2-1/2

[Event "Portoroz"]
[Site "Portoroz"]
[Date "1989.??.??"]
[Round "?"]
[White "Gostisa, Leon"]
[Black "Orel, Oskar"]
[Result "1/2-1/2"]
[WhiteElo "2420"]
[BlackElo "2335"]

1.d4 Nf6 2.c4 e6 3.Nc3 Bb4 4.Nf3 c5 5.g3 d5 6.Bg2 dxc4 7.O-O Nc6 8.dxc5 O-O
9.Qa4 Nd7 10.Be3 Qe7 11.Nd4 Nxd4 12.Bxd4 Bxc5 13.Qxc4 Bxd4 14.Qxd4 Nf6 15.Rfd1 e5
16.Qd6 Qxd6 17.Rxd6 Be6 18.Bxb7 Rab8 19.Bf3 Rxb2 20.Ra6 Rc8 21.Nd1 Rbc2 22.Rxa7 e4
23.Bg2 Rxe2 24.Ne3 g6 25.a4 Ng4 26.Nxg4 Bxg4 27.Re7 Bf3 28.Bxf3  1/2-1/2

[Event "CSR-ch int"]
[Site "Prague"]
[Date "1989.??.??"]
[Round "6"]
[White "Blatny, Pavel"]
[Black "Mokry, Karel"]
[Result "1/2-1/2"]
[WhiteElo "2450"]
[BlackElo "2500"]

1.d4 Nf6 2.c4 e6 3.Nc3 Bb4 4.Nf3 c5 5.e3 Nc6 6.Bd3 Bxc3+ 7.bxc3 d6 8.O-O e5
9.Qc2 O-O 10.Ng5 h6 11.Nh7 Re8 12.Nxf6+ Qxf6 13.dxc5 dxc5 14.Bh7+ Kh8 15.Be4 Be6
16.Bd5 Rad8 17.e4 Na5 18.Qa4 b6 19.Be3 Qe7 20.Rad1 Qd7 21.Qc2 Qc8 22.Qe2 Bg4
23.f3 Be6 24.Rd2 Qa6 25.Qd1 Qc8 26.Qa4 Bd7 27.Qc2 Be6 28.Qa4 Bd7 29.Qd1 Be6
30.Qe2 Qa6 31.Qd1 Qc8  1/2-1/2

[Event "Reggio Emilia 8990"]
[Site "Reggio Emilia"]
[Date "1989.??.??"]
[Round "?"]
[White "Turci, Stefano"]
[Black "Anceschi, Vittorio"]
[Result "1/2-1/2"]
[WhiteElo "2225"]
[BlackElo "2285"]

1.d4 Nf6 2.c4 e6 3.Nc3 Bb4 4.Nf3 d5 5.Bg5 h6 6.Bxf6 Qxf6 7.cxd5 exd5 8.Qb3 Bxc3+
9.Qxc3 O-O 10.e3 c6 11.Be2 Qg6 12.O-O Bh3 13.Ne1 Nd7 14.Kh1 Bf5 15.Nd3 Rfe8
16.Nf4 Qd6 17.Bd3 Bxd3 18.Qxd3 Nf6 19.a3 g5 20.Ne2 Ng4 21.g3 Qe6 22.Kg2 Kg7
23.h3 Nf6 24.Nc3 Rad8 25.Rac1 h5 26.Rg1 Ne4  1/2-1/2

[Event "POL-ch"]
[Site "Slupsk"]
[Date "1989.??.??"]
[Round "7"]
[White "Siekanski, Janusz"]
[Black "Zolnierowicz, Krzysztof"]
[Result "1-0"]
[WhiteElo "2340"]
[BlackElo "2405"]

1.d4 Nf6 2.Nf3 e6 3.c4 Bb4+ 4.Nc3 b6 5.Bg5 Bb7 6.Qc2 h6 7.Bh4 g5 8.Bg3 Ne4
9.Be5 Bxc3+ 10.bxc3 f6 11.Nd2 fxe5 12.Nxe4 d5 13.Ng3 Qf6 14.e3 Nd7 15.Be2 dxc4
16.Bh5+ Ke7 17.O-O b5 18.a4 a6 19.axb5 axb5 20.Qb2 Rxa1 21.Rxa1 Rb8 22.Qb4+ Kd8
23.dxe5 Qxe5 24.Rd1 c6 25.Qf8+ Kc7 26.Qe7 Rd8 27.Bf3 Bc8 28.Bxc6 Rg8 29.Be4 h5
30.Ra1 Rg7 31.Ra7+ Kb8 32.Ra8+ Kc7 33.Qe8 Nb8 34.Ra7+  1-0

[Event "Sochi-A"]
[Site "Sochi"]
[Date "1989.??.??"]
[Round "?"]
[White "Lautier, Joel"]
[Black "Kholmov, Ratmir D"]
[Result "1/2-1/2"]
[WhiteElo "2465"]
[BlackElo "2485"]

1.d4 Nf6 2.c4 e6 3.Nf3 Bb4+ 4.Nc3 c5 5.g3 O-O 6.Bg2 cxd4 7.Nxd4 d5 8.Qb3 Na6
9.cxd5 Nxd5 10.O-O Nxc3 11.bxc3 Be7 12.Rd1 Nc5 13.Qc2 Bd7 14.a4 Qe8 15.Nb5 Bxb5
16.axb5 Qxb5 17.Be3 Rfd8 18.Rdb1 Qd7 19.Bxc5 Bxc5 20.Rxb7 Qd6 21.Be4 g6 22.Kg2 Rac8
23.Bf3 Bb6 24.Rc1 Rc4 25.e3 Qc5 26.Rd1 Rxd1 27.Qxd1 Rxc3 28.Qd7 Qf8 29.Bg4 Rc2
30.Kg1 Rc1+ 31.Kg2 Rc2 32.Kg1 Rc1+ 33.Kg2 Rc2  1/2-1/2

[Event "Sverdlovsk"]
[Site "Sverdlovsk"]
[Date "1989.??.??"]
[Round "?"]
[White "Rashkovsky, Nukhim N"]
[Black "Lisenko, Alexander V"]
[Result "1-0"]
[WhiteElo "2520"]
[BlackElo "2355"]

1.d4 Nf6 2.c4 e6 3.Nc3 Bb4 4.Nf3 b6 5.Bg5 Bb7 6.e3 h6 7.Bh4 g5 8.Bg3 Ne4
9.Qc2 Bxc3+ 10.bxc3 d6 11.Bd3 Nxg3 12.fxg3 Nd7 13.Be4 Bxe4 14.Qxe4 Nf6 15.Qc2 Qd7
16.O-O Qc6 17.d5 Qd7 18.Nd4 e5 19.Rxf6 exd4 20.cxd4 O-O-O 21.Raf1 Rhf8 22.Qf5 Qxf5
23.R1xf5 Rde8 24.Kf2 Re7 25.g4 Rfe8 26.Rf3 Kb7 27.Rxf7 Ka6 28.Rxe7 Rxe7 29.Ke2 Ka5
30.Kd3  1-0

[Event "SWE-ch"]
[Site "?"]
[Date "1989.??.??"]
[Round "?"]
[White "Wiedenkeller, Michael"]
[Black "Engqvist, Thomas"]
[Result "0-1"]
[WhiteElo "2430"]
[BlackElo "2305"]

1.d4 Nf6 2.c4 e6 3.Nc3 Bb4 4.Nf3 b6 5.Bg5 Bb7 6.e3 h6 7.Bh4 c5 8.Bd3 cxd4
9.exd4 Bxf3 10.Qxf3 Nc6 11.Qe3 Be7 12.O-O Nb4 13.a3 Nxd3 14.Qxd3 O-O 15.b4 d6
16.Rac1 Qd7 17.Rfd1 Rfc8 18.f3 a5 19.Nb5 axb4 20.axb4 Ra4 21.Be1 Ne8 22.d5 Bg5
23.dxe6 Qxe6 24.Rc2 Be3+ 25.Kh1 Bf4 26.Re2 Qf6 27.g3 Be5 28.f4 Ra1 29.Rxa1 Bxa1
30.Bf2 d5 31.Qxd5 Rd8 32.Qe4 Nd6 33.Nxd6 Qxd6 34.c5 bxc5 35.bxc5 Qf6 36.Rc2 Bd4
37.Bxd4 Rxd4 38.Qf3 Qe6 39.Kg2 Qe1 40.Re2 Qc1 41.c6 Kh7 42.Kh3 Qd1 43.Qg4 Qf1+
44.Kh4 g5+ 45.Kh5 Qb1 46.Qc8 Qg6+ 47.Kg4 gxf4+ 48.Kf3 Rd3+ 49.Kxf4 Qg5+ 50.Ke4 Qd5+
51.Kf4 Qf3+  0-1

[Event "URS-ch U26"]
[Site "Tbilisi"]
[Date "1989.??.??"]
[Round "?"]
[White "Anastasian, Ashot"]
[Black "Ruban, Vadim"]
[Result "1/2-1/2"]
[WhiteElo "2475"]
[BlackElo "2420"]

1.d4 Nf6 2.c4 e6 3.Nc3 Bb4 4.Nf3 c5 5.g3 cxd4 6.Nxd4 Ne4 7.Qc2 Qa5 8.Nb5 a6
9.Qxe4 axb5 10.Bd2 bxc4 11.Qxc4 Nc6 12.Bg2 d5 13.Qd3 O-O 14.O-O Qa6 15.Qxa6 Rxa6
16.Rfd1 Be7 17.Bf1 Ra8 18.Nb5 Bd7 19.e3 Ne5 20.Bc3 Bf6 21.f4 Ng4 22.Bxf6 gxf6
23.Re1 Bxb5 24.Bxb5 f5 25.h3 Nf6 26.Rec1 Rfc8 27.a3 Kf8 28.Bd3 Ke7 29.Kf2 Kd6
30.Rxc8 Rxc8 31.Ke2 h5 32.Rg1 Ne4 33.g4 hxg4 34.hxg4 Rh8 35.gxf5 Rh2+ 36.Kf3 Rf2+
37.Kg4 Nc5 38.Bb1 Rxb2 39.fxe6 fxe6 40.f5 Rb3 41.fxe6 Rxe3 42.Kf4 Re5 43.Rd1 Nxe6+
44.Kf3 Ng5+ 45.Kf4 Ne4 46.Re1 Rh5 47.Bxe4 Rh4+ 48.Kf5 dxe4 49.Rxe4 Rh3 50.Rb4 Kc6
51.Rc4+ Kd5 52.Rb4 Rf3+ 53.Kg6 Kc6 54.a4 Kc7 55.a5 Rc3 56.Rb5 Kb8 57.Kf5 Ka7
58.Ke4 Rc6 59.Kd4 Ka6 60.Rh5 Rc1 61.Rg5  1/2-1/2